书目信息 |
| 题名: |
高中数学解题高手
|
|
| 作者: | 熊斌 , 陈双双 著 | |
| 分册: | ||
| 出版信息: | 上海 华东师范大学出版社 2003.07 |
|
| 页数: | 285页 | |
| 开本: | 20cm | |
| 丛书名: | ||
| 单 册: | ||
| 中图分类: | G634 , G634.6 | |
| 科图分类: | ||
| 主题词: | 教育--各级 | |
| 电子资源: | ||
| ISBN: | 7-5617-3280-5 | |
| 000 | 00645nam0 2200217 450 | |
| 001 | 0556304349 | |
| 005 | 20050617112031.72 | |
| 010 | @a7-5617-3280-5@dCNY 13.00 | |
| 100 | @a20050608d2003 km y0chiy0120 ea | |
| 101 | 0 | @achi |
| 102 | @aCN@b310000 | |
| 200 | 1 | @a高中数学解题高手@Agao zhong shu xue jie ti gao shou@f熊斌,陈双双著@Fxiong bin,chen shuang shuang zhu |
| 210 | @a上海@c华东师范大学出版社@d2003.07 | |
| 215 | @a285页@d20cm | |
| 606 | 0 | @a教育@x各级 |
| 690 | @aG634@v4 | |
| 690 | @aG634.6@v3 | |
| 701 | 0 | @a熊斌@Axiong bin@4著 |
| 701 | 0 | @a陈双双@Achen shuang shuang@4著 |
| 801 | 0 | @aCN@bPFT@c20050617 |
| 905 | @a10447@dG634.6@eX634 | |
| 高中数学解题高手/熊斌,陈双双著.-上海:华东师范大学出版社,2003.07 |
| 285页;20cm |
| ISBN 7-5617-3280-5:CNY 13.00 |
| ● |
| 相关链接 |
|
|
|
正题名:高中数学解题高手
索取号:G634.6/X634
 
预约/预借
| 序号 | 登录号 | 条形码 | 馆藏地/架位号 | 状态 | 备注 |
| 1 | 536815 | 205368154 | 社科库409/409社科库 8排2列1层/ [索取号:G634.6/X634] | 在馆 | |
| 2 | 536816 | 205368163 | 社科库409/409社科库 8排2列1层/ [索取号:G634.6/X634] | 在馆 |